000 01017nam a2200265 i 4500
001 47505
003 ES-MaACL
005 20250820142553.0
007 t|
008 030429s2002 sp ||||1| spa d
020 _a84-7914-532-3
080 _a2(081) Agustín, Santo
100 0 _aAgustín
_cSanto, Obispo de Hipona.
_9125563
245 1 0 _aObras completas de San Agustín.
_nXLI,
_pEscritos atribuidos /
_cintroducciones, versión, notas e índices de Teodoro C. Madrid ; con la colaboración de Niceto Blázquez y Marcos Martínez Manzanedo.
260 _aMadrid :
_bBiblioteca de Autores Cristianos,
_c2002.
300 _aXXXVII, 944 p. ;
_c20 cm.
490 1 _aBiblioteca de autores cristianos ;
_v621
650 0 7 _aTeología
_2embne
_917457
700 1 _aCalvo Madrid, Teodoro,
_d1929-
_9140657
700 1 _aBlázquez, Niceto.
_929443
700 1 _aMartínez Manzanedo, Marcos.
_978199
830 0 0 _aBiblioteca de autores cristianos
_v621
_9178679
852 _aES-MaACL
_jJ-608
999 _c47505
_d47505